000 00819cab a22002295a 4500
001 ABS62399
008 000522s2000 xxk f 000 0 eng d
035 _a(Sirsi) u106042
041 0 _aeng
100 1 _aMcParland, C.
245 0 0 _aConcepts of price, value and worth in the United Kingdom
_btowards a European perspective
260 _c2000
490 0 _aJournal of Property Investment and Finance
_v18(1) January 2000, 84-102(19)
520 _aAssesses UK valuation standards and considers the potential for uniform valuation standards across the European Union. References.
590 _aABS
650 2 4 _aRICS APPRAISAL AND VALUATION MANUAL
651 4 _aEuropean Union
_y1995-2003
690 _aPROPERTY-PROPERTY APPRAISAL AND VALUATION
700 _aMcGreal, S.
700 _aAdair, A.
942 _n0
999 _c63514
_d63514